000 02370cam a2200529Ii 4500
001 9781315771403
003 FlBoTFG
005 20250204103855.0
006 m d
007 cr |||||||||||
008 201209t20212021flua o 001 0 eng d
040 _aOCoLC-P
_beng
_erda
_epn
_cOCoLC-P
020 _a9781317675280
_qelectronic publication
020 _a1317675282
_qelectronic publication
020 _a9781317675297
_qelectronic book
020 _a1317675290
_qelectronic book
020 _a9781315771403
_qelectronic book
020 _a1315771403
_qelectronic book
020 _a9781317675273
_qelectronic book
_qMobipocket
020 _a1317675274
_qelectronic book
_qMobipocket
020 _a9780080557359
_qelectronic book
020 _a008055735X
_qelectronic book
020 _z9780367694067
_qhardcover
024 7 _a10.1201/9781315771403
_2doi
035 _a(OCoLC)1233303111
035 _a(OCoLC-P)1233303111
082 0 4 _a006.696
_223
100 1 _aBriggs, Cheryl,
_eauthor.
245 1 3 _aAn essential introduction to Maya character rigging /
_cCheryl Briggs.
250 _aSecond edition.
264 1 _aBoca Raton :
_bCRC Press,
_c2021.
264 4 _c©2021
300 _a1 online resource (xvii, 455 pages) :
_bcolor illustrations
336 _atext
_2rdacontent
336 _astill image
_2rdacontent
337 _acomputer
_2rdamedia
338 _aonline resource
_2rdacarrier
500 _aIncludes index.
500 _aIntroduction 1 -- Chapter 1: Skeleton Setup 11 -- Chapter 2: Control Rig Setup 41 -- Chapter 3: Bipedal Legs and Feet 75 -- Chapter 4: Bipedal Spine and Neck 103 -- Chapter 5: Bipedal Arms and Hands 143 -- Chapter 6: Quadruped Legs and Feet 193 -- Chapter 7: Quadruped Spine and Neck 261 -- Chapter 8: Head 305 -- Chapter 9: Facial Rigging 335 -- Chapter 10: Props 379 -- Chapter 11: Wrapping Up the Setup 393 -- Chapter 12: Skinning Your Character 415
588 _aOCLC-licensed vendor bibliographic record.
630 0 0 _aMaya (Computer file)
650 0 _aComputer animation.
650 0 _aRigging (Computer animation)
_934759
655 4 _aElectronic books.
776 0 8 _iPrint version:
_z9780367694067
856 4 0 _uhttps://ezproxy.taylors.edu.my/login?url=https://www.taylorfrancis.com/books/9781315771403
_zAn electronic book accessible through the World Wide Web; click to view
999 _c192081